000 01393cam a2200241 4500
001 ABS66548
008 030331n2003 000 0 eng u
035 _a(Sirsi) u121801
100 _aO'Dell, S.
245 _aIs it reasonable to appeal?
260 _c2003
490 _aAccess by Design
_v (94) Spring 2003, 21-22(2)
520 _aReports on a recent Planning Inspectorate decision which overturned a Milton Keynes BC decision to refuse planning permission for a Lloyds TSB bank to carry out works to improve access for disabled people. The work was to be carried out on a historic Grade II listed building and involved the construction of a ramp. MKBC refused planning permission on the grounds that it would fail to preserve the nature of the building and diminish pavement width. Planning Inspectorate agreed with the bank that an alternative suggestion of a ramp in a side alley would be too gloomy and cramped. The bank has now sought permission to construct the approved ramp on the footway, but MKBC has indicated it will oppose the application.
590 _aABS
650 _aMANAGEMENT-BUSINESS MANAGEMENT-DISCRIMINATION-DISABILITY DISCRIMINATION-ACCESSIBILITY
650 _aHISTORIC BUILDINGS
650 _aPLANNING INSPECTORATE
650 _aRAMPS
650 _aPLANNING PERMISSION
650 _aBANKS
690 _aPlanning and development
_96259
942 _n0
999 _c72386
_d72386